000 00210nam a22000857a 4500
008 170128b xxu||||| |||| 00| 0 eng d
100 _92625
_aGupta.R.G.
245 _aMathematics-VI
260 _aNew Delhi
_bA.B.D.
_c2011
999 _c5768
_d5768